000 00278nam a22001337a 4500
008 171102b xxu||||| |||| 00| 0 eng d
020 _a9780195134872
041 _aeng
080 _a33
100 _a59
101 _aBUS
245 _aOIL CHANGE
_cKLEINER,A
942 _2udc
_cBK
999 _c37251
_d37251